logo

Bir Sreshtho Munshi Abdur Rouf Library
Jhenaidah Cadet College

A dictionary of art and artists / (Record no. 3342)

MARC details
000 -LEADER
fixed length control field 00680nam a2200241 a 4500
001 - CONTROL NUMBER
JCCL Control Number 3342
003 - CONTROL NUMBER IDENTIFIER
JCCL marc code BD-JhCC
005 - DATE AND TIME OF LATEST TRANSACTION
control field 20171112203838.0
008 - FIXED-LENGTH DATA ELEMENTS--GENERAL INFORMATION
fixed length control field 171112r19651959enk |||| |||| 000 0 eng d
035 ## - SYSTEM CONTROL NUMBER
system control number (BD-JhCC)3342
040 ## - CATALOGING SOURCE
Original cataloging agency BD-JhCC
Modifying agency BD-JhCC
041 ## - LANGUAGE CODE
Language code of Book eng
082 ## - DEWEY DECIMAL CLASSIFICATION NUMBER
Classification number 703
Author mark and Year MUR 1965
100 ## - MAIN ENTRY--PERSONAL NAME
Personal name Murray, Peter
245 ## - TITLE STATEMENT
Title A dictionary of art and artists /
Statement of responsibility, etc Peter Murray; Linda Murray
260 ## - PUBLICATION, DISTRIBUTION, ETC. (IMPRINT)
Place of publication, distribution, etc Harmondsworth :
Name of publisher, distributor, etc Penguin Books,
Date of publication, distribution, etc 1968.
300 ## - PHYSICAL DESCRIPTION
Pagination IX, 353 p. :
Dimensions 18 cm.
500 ## - GENERAL NOTE
General note Nasl. na ov.: A dictionary of art & artists.<br/>Preface: str. VII-IX.
650 ## - SUBJECT ADDED ENTRY--TOPICAL TERM
Topical term or geographic name as entry element Art Dictionary
700 ## - ADDED ENTRY--PERSONAL NAME
Personal name Murray, Linda
942 ## - ADDED ENTRY ELEMENTS (KOHA)
Source of classification or shelving scheme Dewey Decimal Classification
Koha item type Books
Holdings
Source of classification or shelving scheme Damaged status Not for loan Home library Current library Shelving location Date of accession Total Checkouts Full call number Barcode Date last seen Copy number Koha item type
Dewey Decimal Classification     JCC Rouf Library JCC Rouf Library General Stacks 11/12/2017   703 MUR 1965 5182 11/12/2017 C-1 Books

JCC Library | Contacts | JCC Home

Last Update on 23 September 2017
Copyright @ 2017-2020 JCC Rouf Library
Rouf Library, Jhenidah Cadet College (JCC), Bangladesh